Num país livre (Registo nº 5972)
[ vista simples ]
| 000 -Etiqueta do registo | |
|---|---|
| Valores | 01425cam a2200253 4500 |
| 010 ## - Número ISBN | |
| ISBN | 9722026518 |
| 021 ## - Número do Depósito Legal | |
| Número | 224902/05 |
| 100 ## - Dados gerais de processamento | |
| Dados gerais | 20211231d2005 m||y0pory5003 ba |
| 200 1# - Titulo e menção de responsabilidade | |
| Título próprio | Num país livre |
| Primeira menção de responsabilidade | V. S. Naipaul |
| Outras menções de responsabilidade | trad. Helena Ramos, Artur Ramos |
| 210 #9 - Publicação | |
| Local de publicação | Lisboa |
| Nome do editor | Dom Quixote |
| Data de publicação | 2005 |
| 215 ## - Descrição física | |
| Paginação / Volumes | 261, [6] p. |
| 225 2# - Colecção | |
| Título próprio da colecção | Ficção Universal |
| Indicação de volume | 341 |
| 304 ## - Nota relativa ao título | |
| Texto de nota | Tít. orig.: In a free state |
| 330 ## - Sumário ou Resumo | |
| Texto da nota | "Num País Livre" é uma obra formada por várias histórias, ligadas por temas comuns: o exílio, a liberdade, o preconceito. Histórias sobre indivíduos desenraizados, confrontados com culturas estranhas. Em Washington, um criado indiano torna-se cidadão americano mas sente-se profundamente alienado do mundo à sua volta. Em Londres, dois irmãos asiáticos consomem-se em apatia, raiva e ilusões mortais. Em África, dois ingleses percorrem as estradas de um país recentemente independente, dilacerado pelo conflito tribal...<br/>"Num País Livre" é um romance de grande lucidez e complexidade, hábil, profundo e perturbador, ao mesmo tempo divertido e terrível, compassivo e implacável. |
| 606 ## - Nome comum usado como assunto | |
| ID Autoridade | 13 |
| Palavra de ordem | Literatura Estrangeira |
| 675 ## - CDU | |
| Notação | 821.111-31"19" |
| Edição | BN |
| Língua | por |
| 700 ## - Autor principal (pessoa individual) | |
| Apelido | Naipaul |
| Nome | V. S. |
| Datas | 1932-2018 |
| ID Autoridade | 5608 |
| 702 ## - Autor secundário (pessoa individual) | |
| Apelido | Ramos |
| Nome | Helena |
| ID Autoridade | 3148 |
| 702 ## - Autor secundário (pessoa individual) | |
| Apelido | Ramos |
| Nome | Artur |
| Datas | 1926-2006 |
| ID Autoridade | 3149 |
| 801 #0 - Fonte de origem | |
| País | PT |
| Agência | BMVN |
| Regras de catalogação | RPC |
| 830 ## - Notas gerais do catalogador | |
| Criado por | Inês Silva |
| Data de criação | 31/12/2021 |
| 990 ## - Elementos KOHA | |
| Tipo de documento | Livro |
| Situação do levantamento | Biblioteca de origem | Código de barras | Cota | Permissão de empréstimo | Tipo de documento | Forma de aquisição |
|---|---|---|---|---|---|---|
| Biblioteca Municipal de Vendas Novas | 100000033341 | LE NAI/NUM | Livro |